Bridgestart Properties Ltd v London Underground Ltd (Record no. 74257)

MARC details
000 -LEADER
fixed length control field 01835cab a2200265 4500
001 - CONTROL NUMBER
control field ABS67610
008 - FIXED-LENGTH DATA ELEMENTS--GENERAL INFORMATION
fixed length control field 040309n2004 000 0 eng u
035 ## - SYSTEM CONTROL NUMBER
System control number (Sirsi) u125386
245 ## - TITLE STATEMENT
Title Bridgestart Properties Ltd v London Underground Ltd
260 ## - PUBLICATION, DISTRIBUTION, ETC.
Date of publication, distribution, etc. 2004
490 ## - SERIES STATEMENT
Series statement Rating and Valuation Reporter
Volume/sequential designation [2004] RVR 18-24(6)
520 ## - SUMMARY, ETC.
Summary, etc. ACQ/128/2002, 17 October 2003. Claim for injurious affection for settlement to premises caused by tunnelling for underground railway based on the Land Clauses Consolidation Act 1845 s63 and theLondon Transport Act 1963 s11. Acquiring authority (LU) declared that the claim under s63 of the 1845 Act was time-barred by the Limitation Act 1980 s9(1) as more than six years had lapsed between the date of entry in July 1994 and the giving of the notice of reference to the LT. Claimant (B) declared that LU was estopped from relying on limitation or had waived their right to do so. LT dismissed claim. "Declared" that, i) London Transport Act 1963 s11 was not applicable for damage caused by tunnelling as it applied to operation of railways and not to its construction and, ii) any action brought under the Lands Clauses Consolidation 1845 Act s63 was time-barred. Costs awarded to LU. View decision at www.landstribunal.gov.uk.
590 ## - LOCAL NOTE (RLIN)
Local note ABS
650 ## - SUBJECT ADDED ENTRY--TOPICAL TERM
Topical term or geographic name entry element LONDON TRANSPORT ACT 1963 S11
650 ## - SUBJECT ADDED ENTRY--TOPICAL TERM
Topical term or geographic name entry element LANDS CLAUSES CONSOLIDATION ACT 1845 S63
650 ## - SUBJECT ADDED ENTRY--TOPICAL TERM
Topical term or geographic name entry element BRIDGESTART PROPERTIES LTD V LONDON UNDERGROUND LTD
650 ## - SUBJECT ADDED ENTRY--TOPICAL TERM
Topical term or geographic name entry element COMPENSATION
650 ## - SUBJECT ADDED ENTRY--TOPICAL TERM
Topical term or geographic name entry element TIME-BARRED
650 ## - SUBJECT ADDED ENTRY--TOPICAL TERM
Topical term or geographic name entry element TUNNELLING
650 ## - SUBJECT ADDED ENTRY--TOPICAL TERM
Topical term or geographic name entry element BUILT ENVIRONMENT
650 ## - SUBJECT ADDED ENTRY--TOPICAL TERM
Topical term or geographic name entry element COSTS
690 ## - LOCAL SUBJECT ADDED ENTRY--TOPICAL TERM (OCLC, RLIN)
Topical term or geographic name as entry element ENVIRONMENTAL AND LAND CONSULTANCY-PLANNING AND DEVELOPMENT-COMPULSORY PURCHASE AND COMPENSATION
856 ## - ELECTRONIC LOCATION AND ACCESS
Uniform Resource Identifier <a href="https://www.landstribunal.gov.uk/View.do?id=213">https://www.landstribunal.gov.uk/View.do?id=213</a>
Public note View decision on the Lands Tribunal website...
942 ## - ADDED ENTRY ELEMENTS (KOHA)
Suppress in OPAC 0
Holdings
Withdrawn status Lost status Source of classification or shelving scheme Damaged status Not for loan Home library Current library Shelving location Date acquired Total Checkouts Full call number Barcode Date last seen Copy number Price effective from Koha item type
    Dewey Decimal Classification     London London Journal article 09/03/2004   ABS67610 125386-1001 06/08/2019 1 06/08/2019 Law report